000 00358pab a2200145 454500
008 180718b2006 xxu||||| |||| 00| 0 eng d
100 _aBhaskaracharyulu, Y.
245 _aHealth awareness programmes in urban conglomerates
260 _c2006
300 _ap.1-7.
362 _aJan-Mar
650 _aHealth services
773 _aNagarlok
909 _a70227
999 _c70227
_d70227